[Event "Binhai Cup-A 4th"]
[Site "Binhai"]
[Date "2024.08.23"]
[Round "9"]
[White "Yu, Ruiyuan"]
[Black "Sivuk, Vitaly"]
[Result "1/2-1/2"]
[WhiteElo "2479"]
[BlackElo "2572"]
[PlyCount "87"]
[EventDate "2024.08.18"]
[EventType "swiss"]
[EventRounds "9"]
[EventCountry "CHN"]
[SourceTitle "CB35_2024"]
[SourceDate "2024.08.28"]
[SourceVersion "1"]
[SourceVersionDate "2024.08.28"]
[SourceQuality "1"]

1. e4 c5 2. Nf3 Nc6 3. d4 cxd4 4. Nxd4 Nf6 5. Nc3 d6 6. Bg5 e6 7. Qd2 a6 8. 0-0-0 Bd7 9. f4 Be7 10. Nf3 b5 11. e5 b4 12. exf6 bxc3 13. Qxc3 gxf6 14. Bh4 d5 15. Kb1 a5 16. Nd4 Nxd4 17. Qxd4 Rb8 18. f5 Rg8 19. fxe6 fxe6 20. g3 Rb4 21. c4 Bc6 22. a3 Rb8 23. Qe3 Qb6 24. Qxb6 Rxb6 25. Bg2 dxc4 26. Bxc6+ Rxc6 27. Rhf1 f5 28. Rf4 Bxh4 29. Rxh4 Rg7 30. Rdd4 c3 31. b3 c2+ 32. Kc1 Rc3 33. Rd6 Ke7 34. Rb6 Kf6 35. Rh6+ Rg6 36. Rh4 h5 37. Rxh5 f4 38. Rh4 fxg3 39. hxg3 Rgxg3 40. Rh1 Rxb3 41. Rh6+ Kf5 42. Rbxe6 Rxa3 43. Rhf6+ Kg4 44. Rg6+ 1/2-1/2

[Event "Binhai Cup-A 4th"]
[Site "Binhai"]
[Date "2024.08.20"]
[Round "4"]
[White "Zhang, Di"]
[Black "Yu, Ruiyuan"]
[Result "1-0"]
[WhiteElo "2370"]
[BlackElo "2479"]
[PlyCount "67"]
[EventDate "2024.08.18"]
[EventType "swiss"]
[EventRounds "9"]
[EventCountry "CHN"]
[SourceTitle "CB35_2024"]
[SourceDate "2024.08.28"]
[SourceVersion "1"]
[SourceVersionDate "2024.08.28"]
[SourceQuality "1"]

1. e4 c6 2. d4 d5 3. e5 Bf5 4. Nd2 e6 5. Nb3 Nd7 6. Nf3 c5 7. c3 c4 8. Nbd2 b5 9. Be2 b4 10. Qa4 a5 11. Nf1 Rb8 12. Ne3 Bg6 13. 0-0 Be7 14. b3 bxc3 15. bxc4 dxc4 16. Ba3 Bb4 17. Nxc4 Ne7 18. Bxb4 Rxb4 19. Nd6+ Kf8 20. Qa3 Nd5 21. Bc4 N7b6 22. Qxa5 Ke7 23. Bb3 Qc7 24. Rac1 Ra8 25. Qc5 Qxc5 26. dxc5 Na4 27. c6 Kd8 28. Rfd1 Nb2 29. Rd4 Nd3 30. Bxd5 Nxc1 31. Rxb4 Ne2+ 32. Kf1 c2 33. Rb7 c1Q+ 34. Ne1 1-0

[Event "CHN-chT"]
[Site "Qingdao"]
[Date "2024.04.04"]
[Round "3.2"]
[White "Lan, Zilun"]
[Black "Yu, Ruiyuan"]
[Result "1/2-1/2"]
[WhiteElo "2308"]
[BlackElo "2480"]
[PlyCount "68"]
[EventDate "2024.04.02"]
[EventType "team-swiss"]
[EventRounds "9"]
[EventCountry "CHN"]
[SourceTitle "CB16_2024"]
[SourceDate "2024.04.17"]
[SourceVersion "1"]
[SourceVersionDate "2024.04.17"]
[SourceQuality "1"]
[WhiteTeam "Zhejiang"]
[BlackTeam "Shenzhen"]
[WhiteTeamCountry "CHN"]
[BlackTeamCountry "CHN"]

1. Nf3 d5 2. c4 c6 3. e3 e6 4. d4 f5 5. Bd3 Nf6 6. 0-0 Bd6 7. b3 Qe7 8. a4 Ne4 9. Ba3 Nd7 10. Ne5 0-0 11. Bxd6 Qxd6 12. Nxd7 Bxd7 13. c5 Qe7 14. f3 Nf6 15. f4 b6 16. b4 Rfb8 17. Nd2 bxc5 18. bxc5 Rb4 19. Qc2 Rab8 20. Rfb1 Qd8 21. Qc3 Rxb1+ 22. Rxb1 Rxb1+ 23. Bxb1 Qb8 24. h3 Be8 25. Bc2 Bh5 26. Qb3 Qxb3 27. Nxb3 Kf8 28. Na5 Be8 29. Kf2 Ke7 30. Nb7 Kd7 31. Nd6 Bh5 32. Ke1 Ne8 33. Nxe8 Kxe8 34. Kd2 a5 1/2-1/2

[Event "Online Olym Div Top-B"]
[Site "Chess.com INT"]
[Date "2021.09.10"]
[Round "8.2"]
[White "Gozzoli, Yannick"]
[Black "Yu, Ruiyuan"]
[Result "1/2-1/2"]
[WhiteElo "2602"]
[BlackElo "2497"]
[PlyCount "74"]
[EventDate "2021.09.08"]
[EventType "team (rapid)"]
[EventRounds "9"]
[EventCountry "USA"]
[SourceTitle "CBM 204 Extra"]
[Source "ChessBase"]
[SourceDate "2021.11.30"]
[SourceVersion "1"]
[SourceVersionDate "2021.11.30"]
[SourceQuality "1"]
[WhiteTeam "France"]
[BlackTeam "China Shenzhen"]
[WhiteTeamCountry "FRA"]
[BlackTeamCountry "CHN"]

1. d4 d5 2. c4 c6 3. Nc3 Nf6 4. Nf3 dxc4 5. a4 e6 6. e4 Bb4 7. Bxc4 Nxe4 8. 0-0 Nf6 9. Bg5 0-0 10. Bd3 Be7 11. Re1 Nbd7 12. Qe2 b6 13. Rad1 Bb7 14. Bb1 Nd5 15. Qe4 g6 16. Qh4 Re8 17. Ne4 Nf8 18. Ba2 Bxg5 19. Nexg5 f5 20. Ne5 Qe7 21. Bxd5 cxd5 22. Qg3 Rac8 23. h4 Qf6 24. Rc1 Rxc1 25. Rxc1 Rc8 26. Rxc8 Bxc8 27. Qc3 Qd8 28. Ngf7 Qxh4 29. g3 Qe4 30. Qb4 Qb1+ 31. Kh2 Qc2 32. Nh6+ Kg7 33. Qe7+ Kxh6 34. Nf7+ Kg7 35. Ne5+ Kh6 36. Qh4+ Kg7 37. Qe7+ Kh6 1/2-1/2

[Event "Online Olym Div Top-B"]
[Site "Chess.com INT"]
[Date "2021.09.08"]
[Round "3.2"]
[White "Yu, Ruiyuan"]
[Black "Fedorov, Alexei"]
[Result "0-1"]
[WhiteElo "2497"]
[BlackElo "2532"]
[PlyCount "72"]
[EventDate "2021.09.08"]
[EventType "team (rapid)"]
[EventRounds "9"]
[EventCountry "USA"]
[SourceTitle "CBM 204 Extra"]
[Source "ChessBase"]
[SourceDate "2021.11.30"]
[SourceVersion "1"]
[SourceVersionDate "2021.11.30"]
[SourceQuality "1"]
[WhiteTeam "China Shenzhen"]
[BlackTeam "Belarus"]
[WhiteTeamCountry "CHN"]
[BlackTeamCountry "BLR"]

1. e4 c5 2. Nf3 e6 3. d4 cxd4 4. Nxd4 Nf6 5. Nc3 Nc6 6. Ndb5 Bc5 7. Nd6+ Ke7 8. Bf4 e5 9. Nf5+ Kf8 10. Bg5 h6 11. Bxf6 Qxf6 12. Nd5 Qd8 13. c3 g6 14. Nfe3 a6 15. a4 d6 16. b4 Ba7 17. Qd3 Kg7 18. Rd1 Be6 19. Be2 Rf8 20. a5 Rc8 21. 0-0 Ne7 22. Rc1 Nxd5 23. Nxd5 f5 24. Bf3 Rf7 25. Rc2 Qg5 26. Re1 Rcf8 27. Ne3 fxe4 28. Bxe4 d5 29. Bxd5 Bxd5 30. h4 Qxh4 31. Qxd5 Rxf2 32. Qxe5+ Kh7 33. Rce2 R2f5 34. Qh2 Bxe3+ 35. Rxe3 Qf2+ 36. Kh1 Rh5 0-1

[Event "Online Olym Div2 A"]
[Site "Chess.com INT"]
[Date "2021.09.04"]
[Round "8.2"]
[White "Yu, Ruiyuan"]
[Black "Garcia, Jan Emmanuel"]
[Result "1-0"]
[WhiteElo "2497"]
[BlackElo "2411"]
[PlyCount "101"]
[EventDate "2021.09.02"]
[EventType "team (rapid)"]
[EventRounds "9"]
[EventCountry "USA"]
[SourceTitle "CBM 204 Extra"]
[Source "ChessBase"]
[SourceDate "2021.11.30"]
[SourceVersion "1"]
[SourceVersionDate "2021.11.30"]
[SourceQuality "1"]
[WhiteTeam "Shenzhen China"]
[BlackTeam "Philippines"]
[WhiteTeamCountry "CHN"]
[BlackTeamCountry "PHI"]

1. e4 e5 2. Nf3 Nc6 3. Bc4 Bc5 4. c3 Nf6 5. d4 exd4 6. e5 d5 7. Bb5 Ne4 8. cxd4 Bb6 9. Nc3 0-0 10. Be3 Bg4 11. h3 Bh5 12. Qc2 Nxc3 13. Bxc6 Bxf3 14. gxf3 bxc6 15. Qxc3 Qd7 16. 0-0-0 f6 17. f4 fxe5 18. fxe5 Rf3 19. h4 Raf8 20. Rdg1 R8f4 21. Qd2 Rg4 22. Qd1 Qf5 23. h5 Rxg1 24. Rxg1 Qe4 25. Bh6 Rf7 26. Rg4 Qf5 27. Qg1 g6 28. hxg6 hxg6 29. Rxg6+ Kh7 30. Rg4 Bxd4 31. Rxd4 Qxf2 32. Qxf2 Rxf2 33. Bg5 Kg6 34. Bf6 Kf5 35. Ra4 c5 36. Rxa7 Rf1+ 37. Kc2 Rf2+ 38. Kb3 c4+ 39. Kc3 c5 40. a4 Rf3+ 41. Kc2 Rf2+ 42. Kb1 d4 43. a5 Rf1+ 44. Ka2 Rf2 45. Rf7 Ke6 46. Re7+ Kd5 47. a6 c3 48. a7 Rxb2+ 49. Ka1 Rb4 50. a8Q+ Kc4 51. Qa6+ 1-0

[Event "Belt and Road Hunan op-A"]
[Site "Changsha"]
[Date "2019.08.06"]
[Round "9"]
[White "Yu, Ruiyuan"]
[Black "Naiditsch, Arkadij"]
[Result "1-0"]
[WhiteElo "2464"]
[BlackElo "2681"]
[PlyCount "89"]
[EventDate "2019.07.29"]
[EventType "swiss"]
[EventRounds "9"]
[EventCountry "CHN"]
[SourceTitle "CBM 191 Extra"]
[Source "ChessBase"]
[SourceDate "2019.09.30"]
[SourceVersion "1"]
[SourceVersionDate "2019.09.30"]
[SourceQuality "1"]

1. e4 c5 2. Nf3 d6 3. d4 cxd4 4. Qxd4 Bd7 5. Be3 Nc6 6. Qd2 g6 7. c4 Nf6 8. Nc3 Ng4 9. Bf4 Bg7 10. Rc1 h6 11. h3 g5 12. Bg3 Nge5 13. Be2 Rc8 14. b3 Nxf3+ 15. Bxf3 Nd4 16. Be2 h5 17. h4 g4 18. Bf4 Nxe2 19. Kxe2 Bc6 20. Rhd1 f5 21. Nd5 fxe4 22. Qe3 Qd7 23. Qxe4 e6 24. Bxd6 Qf7 25. Ba3 Bf8 26. Qe5 Rh6 27. Bb2 Be7 28. Nxe7 Qxe7 29. Kf1 Rd8 30. Ba3 Qf6 31. Rxd8+ Qxd8 32. Qg7 Qd3+ 33. Kg1 Rh7 34. Qg8+ Kd7 35. Re1 Kc7 36. Bb2 b6 37. Rxe6 Kb7 38. Be5 Qe4 39. Rxc6 Qe1+ 40. Kh2 Qxe5+ 41. g3 Rh8 42. Re6 Qc5 43. Qf7+ Ka6 44. Re7 Ra8 45. Rd7 1-0

[Event "CHN-chT"]
[Site "Daqing"]
[Date "2019.06.25"]
[Round "7.3"]
[White "Wen, Yang"]
[Black "Yu, Ruiyuan"]
[Result "1-0"]
[WhiteElo "2588"]
[BlackElo "2471"]
[PlyCount "102"]
[EventDate "2019.06.19"]
[EventType "team-swiss"]
[EventRounds "9"]
[EventCountry "CHN"]
[SourceTitle "CBM 191 Extra"]
[Source "ChessBase"]
[SourceDate "2019.09.30"]
[SourceVersion "1"]
[SourceVersionDate "2019.09.30"]
[SourceQuality "1"]
[WhiteTeam "Shandong"]
[BlackTeam "Jiangsu"]
[WhiteTeamCountry "CHN"]
[BlackTeamCountry "CHN"]

1. e4 c5 2. Nf3 e6 3. d4 cxd4 4. Nxd4 Nf6 5. Nc3 Nc6 6. g3 d5 7. Bg2 dxe4 8. Nxc6 Qxd1+ 9. Kxd1 bxc6 10. Nxe4 Bb7 11. Nxf6+ gxf6 12. b3 0-0-0+ 13. Ke2 Bb4 14. c4 Bc3 15. Rb1 c5 16. Bxb7+ Kxb7 17. Be3 Kc6 18. Rhd1 f5 19. Rd3 Rxd3 20. Kxd3 Bf6 21. b4 Rd8+ 22. Ke2 cxb4 23. Rxb4 Bd4 24. Ra4 Kb7 25. Rb4+ Kc6 26. Ra4 Kb7 27. c5 Bxe3 28. Kxe3 Rd7 29. Rh4 Kc6 30. Rxh7 Kxc5 31. Rh4 f6 32. Ra4 Rh7 33. h4 Kd5 34. Ra6 Rc7 35. Kd3 Rh7 36. Ke3 Rc7 37. Kf3 Ke5 38. Kg2 Re7 39. f3 Kd4 40. g4 Ke3 41. Ra3+ Ke2 42. gxf5 e5 43. Ra4 Ke3 44. Re4+ Kd3 45. Kg3 Rb7 46. Ra4 Ke3 47. h5 Rb1 48. Re4+ Kd3 49. h6 Rg1+ 50. Kh2 Rg8 51. h7 Rh8 1-0

[Event "CHN-chT"]
[Site "Daqing"]
[Date "2019.06.24"]
[Round "6.5"]
[White "Yu, Ruiyuan"]
[Black "Zhao, Juncheng"]
[Result "1-0"]
[WhiteElo "2471"]
[BlackElo "1998"]
[PlyCount "93"]
[EventDate "2019.06.19"]
[EventType "team-swiss"]
[EventRounds "9"]
[EventCountry "CHN"]
[SourceTitle "CBM 191 Extra"]
[Source "ChessBase"]
[SourceDate "2019.09.30"]
[SourceVersion "1"]
[SourceVersionDate "2019.09.30"]
[SourceQuality "1"]
[WhiteTeam "Jiangsu"]
[BlackTeam "Wuxi"]
[WhiteTeamCountry "CHN"]
[BlackTeamCountry "CHN"]

1. e4 e6 2. d4 d5 3. Nd2 dxe4 4. Nxe4 Bd7 5. Nf3 Bc6 6. Bd3 Nd7 7. c3 Ngf6 8. Ng3 Be7 9. 0-0 Bxf3 10. Qxf3 c6 11. Bf4 0-0 12. Rad1 Qb6 13. Rd2 c5 14. Be5 cxd4 15. Bxd4 Bc5 16. Bxf6 Nxf6 17. Ne4 Be7 18. c4 Rfd8 19. c5 Qc6 20. Rc2 Rd4 21. Nxf6+ Bxf6 22. Be2 Rc8 23. Qb3 Qa4 24. Qxa4 Rxa4 25. b3 Rd4 26. Rb1 Kf8 27. b4 a6 28. Kf1 Ke7 29. Bf3 Rd7 30. b5 axb5 31. Rxb5 Bd4 32. Bxb7 Rxc5 33. Rbxc5 Bxc5 34. Bc6 Rc7 35. Rxc5 Kd6 36. Rc2 Rxc6 37. Rxc6+ Kxc6 38. Ke2 Kb5 39. Kd3 Kb4 40. Kd4 Ka3 41. Ke5 Kxa2 42. Kd6 Kb3 43. Ke7 e5 44. Kxf7 Kc4 45. Kxg7 Kd3 46. Kxh7 Ke2 47. g4 1-0

[Event "CHN-chT"]
[Site "Daqing"]
[Date "2019.06.20"]
[Round "2.3"]
[White "Lan, Zilun"]
[Black "Yu, Ruiyuan"]
[Result "0-1"]
[WhiteElo "2352"]
[BlackElo "2471"]
[PlyCount "70"]
[EventDate "2019.06.19"]
[EventType "team-swiss"]
[EventRounds "9"]
[EventCountry "CHN"]
[SourceTitle "CBM 191 Extra"]
[Source "ChessBase"]
[SourceDate "2019.09.30"]
[SourceVersion "1"]
[SourceVersionDate "2019.09.30"]
[SourceQuality "1"]
[WhiteTeam "Zhejiang"]
[BlackTeam "Jiangsu"]
[WhiteTeamCountry "CHN"]
[BlackTeamCountry "CHN"]

1. d4 Nf6 2. c4 e6 3. Nf3 b6 4. g3 Bb7 5. Bg2 Be7 6. Nc3 0-0 7. Qc2 c5 8. 0-0 cxd4 9. Nxd4 Bxg2 10. Kxg2 Qc8 11. b3 Nc6 12. Rd1 Qb7 13. f3 Rac8 14. Bb2 Nxd4 15. Rxd4 b5 16. cxb5 d5 17. Qd3 e5 18. Ra4 d4 19. Nd1 Nd5 20. Rc1 Rcd8 21. Ba3 Bxa3 22. Rxa3 f5 23. Kg1 Kh8 24. b4 Nxb4 25. Qb3 Nd5 26. Qa4 Rd7 27. Qa6 Qb8 28. Qe6 Rdd8 29. Qa6 e4 30. Qxa7 Qxb5 31. Kf2 d3 32. exd3 e3+ 33. Ke2 f4 34. Qc5 Qd7 35. Nc3 Qh3 0-1

[Event "CHN-chT"]
[Site "China"]
[Date "2019.04.11"]
[Round "3.3"]
[White "Yu, Ruiyuan"]
[Black "Jakovenko, Dmitrij"]
[Result "0-1"]
[WhiteElo "2479"]
[BlackElo "2719"]
[PlyCount "132"]
[EventDate "2019.04.09"]
[EventType "team-tourn"]
[EventRounds "22"]
[EventCountry "CHN"]
[SourceTitle "CBM 189 Extra"]
[Source "ChessBase"]
[SourceDate "2019.06.03"]
[SourceVersion "1"]
[SourceVersionDate "2019.06.03"]
[SourceQuality "1"]
[WhiteTeam "Jiangsu"]
[BlackTeam "Hangzhou Bank"]
[WhiteTeamCountry "CHN"]
[BlackTeamCountry "CHN"]

1. e4 c5 2. Nf3 e6 3. d4 cxd4 4. Nxd4 a6 5. c4 Nf6 6. Nc3 Bb4 7. Qc2 Qc7 8. a3 Bc5 9. Nb3 Be7 10. Be2 d6 11. Be3 Nbd7 12. Rc1 b6 13. 0-0 Bb7 14. f3 Rc8 15. Rfd1 Qb8 16. Bf1 0-0 17. Qf2 Rfe8 18. Nd4 Bd8 19. g3 h5 20. b3 Bc7 21. Bg2 Ba8 22. Kh1 Ne5 23. Qe2 Ng6 24. Qd2 Bb7 25. Nde2 Bc6 26. Nd4 Bb7 27. Nde2 Nf8 28. Bf4 Rcd8 29. Bg5 N8h7 30. Bxf6 Nxf6 31. Qg5 d5 32. cxd5 exd5 33. Nd4 Be5 34. exd5 Nxd5 35. Ne4 Ne7 36. Nf5 Nxf5 37. Qxf5 Bxe4 38. fxe4 g6 39. Qf1 h4 40. gxh4 Bxh2 41. Rxd8 Rxd8 42. Rd1 Bg3 43. Rd5 Rxd5 44. exd5 Qd8 45. Kg1 Qxh4 46. Qxa6 Bf2+ 47. Kf1 Bc5 48. Qe2 Qf4+ 49. Bf3 Bxa3 50. Qd3 Bc5 51. Ke2 Qe5+ 52. Kd2 Kf8 53. Kc2 Ke7 54. Qc4 Qf5+ 55. Be4 Qf2+ 56. Kc3 Qe3+ 57. Kc2 b5 58. d6+ Bxd6 59. Qd5 b4 60. Qb7+ Kf6 61. Bd5 Qe7 62. Qa8 Qe2+ 63. Kb1 Qd3+ 64. Kc1 Bf4+ 65. Kb2 Qd2+ 66. Kb1 Qd1+ 0-1

[Event "Rochefort op 18th Op A"]
[Site "Rochefort"]
[Date "2019.02.18"]
[Round "4.5"]
[White "Yu, Ruiyuan"]
[Black "Bobadilla Viera, Jorge Samuel"]
[Result "0-1"]
[WhiteElo "2491"]
[BlackElo "2318"]
[PlyCount "136"]
[EventDate "2019.02.16"]
[EventType "swiss"]
[EventRounds "9"]
[EventCountry "FRA"]
[SourceTitle "CBM 189 Extra"]
[Source "ChessBase"]
[SourceDate "2019.06.03"]
[SourceVersion "1"]
[SourceVersionDate "2019.06.03"]
[SourceQuality "1"]

1. e4 c5 2. Nf3 d6 3. Bb5+ Nd7 4. d4 cxd4 5. Qxd4 a6 6. Bxd7+ Bxd7 7. c4 e5 8. Qd3 b5 9. Nc3 bxc4 10. Qxc4 Be6 11. Qd3 h6 12. 0-0 Nf6 13. Rd1 Be7 14. Ne1 0-0 15. Nc2 Qb6 16. Ne3 Rfc8 17. b3 Qb7 18. Bb2 a5 19. Rd2 Ra6 20. Rad1 Bd8 21. Ncd5 Nxd5 22. Nxd5 Bxd5 23. Qxd5 Qxd5 24. Rxd5 Be7 25. Ba3 Rc2 26. R1d2 Rxd2 27. Rxd2 Kf8 28. Kf1 Ke8 29. Ke2 Kd7 30. Rd5 Bd8 31. Kd3 Bc7 32. Bb2 Ke6 33. Rb5 f5 34. f3 h5 35. Bc3 g5 36. h3 fxe4+ 37. fxe4 Kd7 38. g4 hxg4 39. hxg4 Kc6 40. a4 Ra8 41. Bd2 Rh8 42. Bxa5 Rh3+ 43. Kc4 Re3 44. Bxc7 Rxe4+ 45. Kc3 Kxc7 46. a5 Rxg4 47. a6 Rg1 48. Rb7+ Kc6 49. b4 Ra1 50. b5+ Kc5 51. Kd2 g4 52. Ke2 e4 53. a7 g3 54. Ke3 g2 55. Rg7 Rxa7 56. Rxg2 d5 57. Rc2+ Kd6 58. Rb2 Ra3+ 59. Kf4 Rf3+ 60. Kg4 Rf7 61. b6 Kc6 62. Rb3 Rb7 63. Rc3+ Kd6 64. Rb3 Kc5 65. Rc3+ Kxb6 66. Kf4 Rc7 67. Ra3 Kc5 68. Ke3 Kd6 0-1

[Event "CHN-chT2"]
[Site "Jiangmen"]
[Date "2018.07.16"]
[Round "10.1"]
[White "Yu, Ruiyuan"]
[Black "Zhu, Hengyi"]
[Result "1-0"]
[WhiteElo "2500"]
[BlackElo "1981"]
[PlyCount "79"]
[EventDate "2018.07.10"]
[EventType "team-swiss"]
[EventRounds "11"]
[EventCountry "CHN"]
[SourceTitle "EXT 2019"]
[Source "ChessBase"]
[SourceDate "2018.10.10"]
[SourceVersion "1"]
[SourceVersionDate "2018.10.10"]
[SourceQuality "1"]
[WhiteTeam "Jiangsu Chess Academy"]
[BlackTeam "Hangzhou Chess School"]
[WhiteTeamCountry "CHN"]
[BlackTeamCountry "CHN"]

1. e4 c5 2. Nf3 Nc6 3. d4 cxd4 4. Nxd4 Nf6 5. Nc3 d6 6. Bg5 Bd7 7. Qd2 Rc8 8. f4 Nxd4 9. Qxd4 Qa5 10. e5 dxe5 11. fxe5 e6 12. 0-0-0 Bc6 13. Nb5 Bxb5 14. exf6 Bc6 15. h4 g6 16. Bc4 Bc5 17. Qe5 Bb4 18. Qe2 Qf5 19. Rhf1 Qe4 20. Qxe4 Bxe4 21. Rd4 Bc6 22. Bxe6 Bc5 23. Rc4 Bb5 24. Bxc8 Bxc4 25. Re1+ Kd8 26. Bxb7 Kc7 27. Bf3 Rd8 28. Be3 Bb4 29. c3 Bd6 30. Bxa7 Bxa2 31. b4 Bc4 32. Re4 Be6 33. Rd4 Be5 34. Rxd8 Kxd8 35. Bd4 Bg3 36. Kd2 Bxh4 37. Kd3 Be1 38. b5 Kc8 39. b6 Bg3 40. c4 1-0

[Event "CHN-chT2"]
[Site "Jiangmen"]
[Date "2018.07.14"]
[Round "7.1"]
[White "Sun, Jiajun B"]
[Black "Yu, Ruiyuan"]
[Result "1/2-1/2"]
[WhiteElo "1966"]
[BlackElo "2500"]
[PlyCount "143"]
[EventDate "2018.07.10"]
[EventType "team-swiss"]
[EventRounds "11"]
[EventCountry "CHN"]
[SourceTitle "EXT 2019"]
[Source "ChessBase"]
[SourceDate "2018.10.10"]
[SourceVersion "1"]
[SourceVersionDate "2018.10.10"]
[SourceQuality "1"]
[WhiteTeam "Shandong Chess and Cards"]
[BlackTeam "Jiangsu Chess Academy"]
[WhiteTeamCountry "CHN"]
[BlackTeamCountry "CHN"]

1. e4 c6 2. d4 d5 3. Nc3 dxe4 4. Nxe4 Bf5 5. Ng3 Bg6 6. Nf3 Nd7 7. Bd3 e6 8. h4 Ngf6 9. h5 Bxd3 10. Qxd3 h6 11. Bd2 a5 12. Ne4 Nxe4 13. Qxe4 Nf6 14. Qd3 a4 15. c4 Be7 16. Ne5 0-0 17. Rh3 c5 18. dxc5 Bxc5 19. 0-0-0 Qxd3 20. Nxd3 Rfc8 21. Kb1 Bd4 22. Rc1 Ne4 23. Be1 e5 24. f3 Nd6 25. c5 Nf5 26. Bf2 Bxf2 27. Nxf2 Rd8 28. Ne4 Rd3 29. Rhh1 Ne3 30. g4 Rad8 31. Nd6 Rd7 32. Rhe1 f6 33. Ne4 Ng2 34. Rg1 Nf4 35. c6 bxc6 36. Nc5 Ne2 37. Nxd3 Rxd3 38. Rcd1 Rxf3 39. Rge1 Nd4 40. Re4 Kf7 41. Rdxd4 exd4 42. Rxd4 f5 43. Rxa4 f4 44. Kc2 Kf6 45. Ra5 Rf1 46. Rf5+ Ke6 47. a4 f3 48. a5 Ra1 49. Kd3 f2 50. Rxf2 Rxa5 51. Rf4 Rd5+ 52. Ke3 Rd1 53. Rc4 Kd5 54. Ra4 Re1+ 55. Kf4 Rf1+ 56. Ke3 Rf7 57. Rd4+ Kc5 58. Re4 Rb7 59. Kf4 Kd5 60. Ra4 Rf7+ 61. Ke3 c5 62. Ra8 Rb7 63. Kf4 c4 64. Rd8+ Kc5 65. Rc8+ Kb4 66. g5 Rb5 67. gxh6 gxh6 68. Kg4 Rb6 69. Kf5 Kb3 70. Rc7 Rd6 71. Rc8 Rb6 72. Rc7 1/2-1/2

[Event "CHN-chT2"]
[Site "Jiangmen"]
[Date "2018.07.10"]
[Round "1.1"]
[White "Wu, Hao"]
[Black "Yu, Ruiyuan"]
[Result "0-1"]
[WhiteElo "1634"]
[BlackElo "2500"]
[PlyCount "70"]
[EventDate "2018.07.10"]
[EventType "team-swiss"]
[EventRounds "11"]
[EventCountry "CHN"]
[SourceTitle "EXT 2019"]
[Source "ChessBase"]
[SourceDate "2018.10.10"]
[SourceVersion "1"]
[SourceVersionDate "2018.10.10"]
[SourceQuality "1"]
[WhiteTeam "Taiyuan Huxiaoling"]
[BlackTeam "Jiangsu Chess Academy"]
[WhiteTeamCountry "CHN"]
[BlackTeamCountry "CHN"]

1. e4 c6 2. d4 d5 3. e5 Bf5 4. Nc3 h5 5. Bd3 Bxd3 6. Qxd3 e6 7. Nge2 Nd7 8. 0-0 Nh6 9. Bxh6 Rxh6 10. f4 c5 11. f5 Qb6 12. fxe6 fxe6 13. Na4 Qa5 14. Nxc5 Bxc5 15. dxc5 Qxc5+ 16. Qd4 Rc8 17. c3 Nxe5 18. Qxc5 Rxc5 19. Nf4 Rc4 20. Rae1 Rxf4 21. Rxf4 Nd3 22. Ref1 Nxf4 23. Rxf4 g5 24. Ra4 a6 25. Rb4 Rh7 26. Kf2 b5 27. a4 Rb7 28. Ke3 Kd7 29. h4 a5 30. Rxb5 Rxb5 31. axb5 gxh4 32. Kf4 Kd6 33. Kg5 e5 34. Kxh5 d4 35. Kg4 dxc3 0-1

[Event "CHN-chT"]
[Site "Hangzhou"]
[Date "2018.06.21"]
[Round "4.2"]
[White "Yu, Ruiyuan"]
[Black "Yu, Shaoteng"]
[Result "1-0"]
[WhiteElo "2494"]
[BlackElo "2469"]
[PlyCount "67"]
[EventDate "2018.06.19"]
[EventType "team-swiss"]
[EventRounds "9"]
[EventCountry "CHN"]
[SourceTitle "CBM 185 Extra"]
[Source "ChessBase"]
[SourceDate "2018.07.29"]
[SourceVersion "1"]
[SourceVersionDate "2018.07.29"]
[SourceQuality "1"]
[WhiteTeam "Jiangsu"]
[BlackTeam "Guangdong"]
[WhiteTeamCountry "CHN"]
[BlackTeamCountry "CHN"]

1. e4 e6 2. d4 d5 3. Nd2 c5 4. exd5 Qxd5 5. dxc5 Nf6 6. Ngf3 Qxc5 7. Bd3 Be7 8. 0-0 Nbd7 9. Re1 Qc7 10. Ne4 0-0 11. Nxf6+ Nxf6 12. Ne5 Bd6 13. Bf4 b6 14. Bg3 Bb7 15. Ng4 Ne8 16. Bxd6 Qxd6 17. Ne5 Rd8 18. Qh5 Nf6 19. Qh3 h6 20. c3 Qc7 21. f4 Qc5+ 22. Kh1 Qf2 23. Rf1 Qxb2 24. Rae1 Rfe8 25. Re3 Nd5 26. Rg3 Nxf4 27. Rxf4 f5 28. Qh5 Re7 29. h3 Qxc3 30. Qe2 Rc7 31. Kh2 Qa1 32. Ng4 Rc1 33. Qxe6+ Kh8 34. Nf2 1-0

[Event "CHN-chT"]
[Site "Hangzhou"]
[Date "2018.06.20"]
[Round "2.3"]
[White "Chu, Wei Chao"]
[Black "Yu, Ruiyuan"]
[Result "0-1"]
[WhiteElo "2399"]
[BlackElo "2494"]
[PlyCount "102"]
[EventDate "2018.06.19"]
[EventType "team-swiss"]
[EventRounds "9"]
[EventCountry "CHN"]
[SourceTitle "CBM 185 Extra"]
[Source "ChessBase"]
[SourceDate "2018.07.29"]
[SourceVersion "1"]
[SourceVersionDate "2018.07.29"]
[SourceQuality "1"]
[WhiteTeam "Tianjin"]
[BlackTeam "Jiangsu"]
[WhiteTeamCountry "CHN"]
[BlackTeamCountry "CHN"]

1. d4 d5 2. c4 dxc4 3. e4 Nf6 4. Nc3 e5 5. Nf3 exd4 6. Qxd4 Qxd4 7. Nxd4 Bc5 8. Ndb5 Na6 9. Bf4 c6 10. Nd6+ Bxd6 11. Bxd6 Be6 12. f4 0-0-0 13. 0-0-0 Ne8 14. Be7 Rxd1+ 15. Nxd1 f6 16. Ne3 b5 17. b3 cxb3 18. axb3 Bxb3 19. Be2 Nec7 20. Nf5 Ne6 21. Kb2 Ba4 22. Bg4 h5 23. Bh3 Nxf4 24. Nxg7+ Nxh3 25. gxh3 Rh6 26. Rg1 c5 27. Nf5 Rh7 28. Rg6 c4 29. Rxf6 Nc7 30. Bb4 Kb8 31. e5 Nd5 32. Rf8+ Kb7 33. e6 Rc7 34. Bd6 c3+ 35. Kc1 Rc4 36. e7 Nxe7 37. Bxe7 Kc7 38. Bd8+ Kd7 39. Ba5 b4 40. Rd8+ Ke6 41. Rd4 Rxd4 42. Nxd4+ Kd5 43. Ne2 Kc4 44. h4 Bc6 45. Bd8 Bf3 46. Nxc3 Kxc3 47. Ba5 Be4 48. Bd8 Kb3 49. Ba5 Ka3 50. Bd8 b3 51. Bf6 Ka2 0-1

[Event "CHN-chT"]
[Site "China"]
[Date "2017.11.04"]
[Round "18.1"]
[White "Yu, Ruiyuan"]
[Black "Bu, Xiangzhi"]
[Result "0-1"]
[WhiteElo "2502"]
[BlackElo "2713"]
[PlyCount "84"]
[EventDate "2017.04.18"]
[EventType "team-tourn"]
[EventRounds "22"]
[EventCountry "CHN"]
[SourceTitle "EXT 2019"]
[Source "ChessBase"]
[SourceDate "2018.10.10"]
[SourceVersion "1"]
[SourceVersionDate "2018.10.10"]
[SourceQuality "1"]
[WhiteTeam "Jiangsu"]
[BlackTeam "Shandong"]
[WhiteTeamCountry "CHN"]
[BlackTeamCountry "CHN"]

1. e4 c5 2. Nf3 e6 3. d4 cxd4 4. Nxd4 a6 5. c4 Nf6 6. Nc3 Qc7 7. a3 b6 8. Be3 Bb7 9. f3 Nc6 10. Rc1 Nxd4 11. Bxd4 Bd6 12. g3 0-0 13. Be2 Be5 14. 0-0 d6 15. Qd2 Nd7 16. b4 Rad8 17. Rcd1 Qc6 18. Bxe5 Nxe5 19. Qd4 Rc8 20. Qxd6 Nxc4 21. Qxc6 Rxc6 22. Bxc4 Rxc4 23. Na4 Rc6 24. Rf2 f5 25. exf5 Rxf5 26. Rd8+ Rf8 27. Rfd2 e5 28. f4 exf4 29. gxf4 h5 30. Kf2 Rxd8 31. Rxd8+ Kh7 32. Rb8 Rc2+ 33. Ke3 Bc6 34. Nxb6 Rxh2 35. Rc8 Rh3+ 36. Kd4 Bg2 37. Nc4 Rf3 38. Ke5 h4 39. Nd6 h3 40. Nf7 Kg6 41. Nh8+ Kh5 42. Nf7 Re3+ 0-1